000 00271nam a2200109Ia 4500
008 190912s9999||||xx |||||||||||||| ||und||
100 _aMurray R.Spiegel
245 0 _aSchaums Outline Vector Analysis
260 _aIndia
_bMcGraw Hill
_c2004
300 _a225
942 _cBK
999 _c7905
_d7905